000 00646cam a2200217 a 4500
001 000018517
005 20200929165821.0
008 800403s1978 fr 000 0 fre d
040 _aDO-SdBNP
_bfre
_cLC
_dBNPHU
082 _a841.912
_bC469n
100 1 _aChar, René,
_d1907-1988.
_939761
245 1 3 _aLe Nu perdu :
_bet autres poèmes, 1964-1975 /
_cRene Char.
260 _a[Paris] :
_bGallimard,
_c1978.
300 _a205 p. ;
_c18 cm.
490 1 _aPoésie ;
_v124
650 4 _aPoesía francesa
_94916
650 4 _aLiteratura francesa
_91074
830 0 _aPoésie ;
_v124
_939763
910 _aCatalogación derivada / LC
049 _aBNGR
999 _c18037
_d18037